| 000 | 00731nam a22002057a 4500 | ||
|---|---|---|---|
| 999 |
_c62162 _d62162 |
||
| 005 | 20240725111716.0 | ||
| 008 | 240725s2003 ge ||||| |||| 00| 0 ger d | ||
| 020 | _a 9783423033442 X | ||
| 041 | _ager | ||
| 080 | _a821.112.2.09 B-78 | ||
| 100 |
_a Borries, Ernst _922944 |
||
| 245 |
_a Deutsche Literaturgeschichte : _bBand 4. Zwischen Klassik und Romantik: Hölderlin, Kleist, Jean Paul / |
||
| 264 |
_aMünchen: _bDeutscher Taschenbuch Verlag, _c1991-2003. |
||
| 300 |
_a346 p.: _b 20 cm. |
||
| 440 |
_a Dtv. _922945 |
||
| 653 | _a Deutsche Literaturgeschichte | ||
| 653 | _aგერმანული ლიტერატურის ისტორია | ||
| 700 |
_a Borries, Erika _922946 |
||
| 942 |
_2udc _cBK |
||